000 00602nam a2200193Ia 4500
003 GCL
008 140319s9999 xx 000 0 ara d
040 _aGCL /
_cGCL
082 0 4 _a820
_bف س
100 1 _aفاطمة موسى
245 1 0 _aسيرة الادب الانجليزى للقارئ العربى /
_cفاطمة موسى
300 _a151 ص
490 _aمكتبة الاسرة
_v0
650 0 4 _aالادب الانجليزى
650 0 4 _aالمسرح الانجليزى
650 0 4 _aالشعر الانجليزى
650 0 4 _aالرواية الانجليزية
942 _2ddc
_cBK
999 _c50779
_d50779